Datum a čas kvízu
20.5
Celkem bodů
Celkový počet nahraných bodů na tomto kvízu bez doplňovacích otázek.
5.
Pořadí na kvízu
Konečné umístění týmu na tomto kvízu.
Zaznamenané odpovědi
| # | Otázka | Odpověď | Body | Výsledky |
|---|---|---|---|---|
| 1. | Sociální demokraté si na svém... | Ondřej Veselý, Michal Šmarda, Jana Maláčová, Tomáš Petříček, Roman Onderka | 0 | |
| 2. | Hasiči z hesenského Bensheimu... | krysu | 1 | |
| 3. | V minulých dnech bylo oznámeno... | Marek Ztracený | 0 | |
| 4. | Irský oděvní řetězec, populárn... | Primark | 1 | |
| 5. | Český cyklista Zdeněk Štybar o... | v Belgii | 1 | |
| 6. | Karlovy Vary, Kutná Hora, Klad... | Klatovy | 1 | |
| 7. | Francium, rubidium, cesium, dr... | lithium (Li) | 0 | |
| 8. | Schillerová, Babiš, Kalousek,... | Jan Fischer | 0 | |
| 9. | Bohdalová, Kubišová, Rettigová... | Božena Němcová | 0 | |
| 10. | Komedie omylů, Zkrocení zlé že... | Mnoho povyku pro nic | 0 |